000 01179nam0a2200301 4500
001 RU\NLR\bibl\8497
005 20260406052403.0
010 _a5-7454-0202-4
_95000
021 _aRU
_b98-12181
_9574
035 _a(NLR Aleph) 000008298
090 _a26366
_c26366
100 _a19981125d1998 |||y0rusy50 ca
101 1 _arus
102 _aRU
105 _ay |||||||||
200 1 _aЯ осмелилась назвать его Отцом
_eУдивит. путь открытий начался, когда знат. мусульманка открыла Слово Бога
_fБилкис Шейх и Ричард Шнайдер
210 _aСПб.
_cОМ
_cХристиан. о-во "Библия для всех"
_d[1998]
215 _a150 с.
_d20
606 0 _aХристианство
_91027302
_3RU\NLR\auth\6675856
686 _aЭ37,0
700 1 _4070
_8rus
_7ca
_aШейх
_bБ.
_gБилкис
_3RU\NLR\auth\777383
_9117318
701 1 _4070
_8rus
_7ca
_aШнайдер
_bР.
_gРичард
_3RU\NLR\auth\777384
_9117319
801 0 _aRU
_bNLR
_c19981125
_gPSBO
801 1 _aRU
_bNLR
_c19981125
852 _aNLR
_j98-3/4000
942 _cBOOK
980 _aNB